|
|
|
|
| LEADER |
00000nab#a22000007a#4500 |
| 001 |
arbauad029370 |
| 003 |
AR-BaUAD |
| 005 |
20250711112358.0 |
| 008 |
971127|||||||||###||||||b###|0###a|spa|| |
| 040 |
|
|
|a AR-BaUAD
|c AR-BaUAD
|b spa
|
| 100 |
|
|
|a Fehrmann, Silvia
|
| 245 |
|
|
|a Berlin 2010 ciudad virtual /
|c Silvia Fehrmann;
|
| 300 |
0 |
|
|b fot.
|
| 653 |
|
|
|a INFOGRAFIA
|
| 653 |
|
|
|a BERLIN
|
| 653 |
|
|
|a ALEMANIA
|
| 653 |
|
|
|a PROYECTOS
|
| 773 |
0 |
|
|t SUMMA+
|g no. 27 [oct.-nov. 1997], p. 112
|
| 942 |
|
|
|c ARTI
|
| 952 |
|
|
|0 0
|1 0
|4 0
|7 0
|9 74289
|a AR-BAuAD
|b AR-BAuAD
|d 2025-07-11
|l 0
|p AAQA029370
|r 2025-07-11 11:23:58
|w 2025-07-11
|y ARTI
|
| 990 |
|
|
|a AQ199
|b TD
|
| 998 |
|
|
|a AAQ
|b BIBUN76
|
| 999 |
|
|
|c 53962
|d 53962
|